Statystyki dla Najsilniejsze armie świata. Top 20

Kliknij tutaj aby rozwiązać quiz!

Ogólne statystyki

  • Ten quiz został rozwiązany 805 razy
  • Średni wynik to 16 z 20

Statystyki odpowiedzi

HintOdpowiedź% Poprawnych
2.Rosja
100%
1.Stany Zjednoczone
100%
3.Chiny
98%
9.Francja
96%
20.Polska
96%
4.Indie
91%
5.Wielka Brytania
91%
12.Brazylia
89%
8.Japonia
87%
6.Korea Południowa
85%
15.Ukraina
82%
10.Włochy
82%
11.Turcja
77%
7.Pakistan
75%
17.Iran
71%
14.Egipt
69%
16.Australia
67%
18.Izrael
63%
13.Indonezja
61%
19.Wietnam
48%

Rozkład punktacji

Percentyl według liczby udzielonych odpowiedzi

Procent ludzi z każdym wynikiem

Twoja historia wyników

Nie rozwiązałeś tego quizu